| 000 | 00927nam a2200205 a 4500 | ||
|---|---|---|---|
| 008 | 120416s1985 ||||||||||||||||| || u | ||
| 020 | _a0136410693 | ||
| 050 | _aHD 58.7 Buc | ||
| 100 | _aBuchanan, David A | ||
| 245 | 1 | 0 | _aOrganizational behaviour |
| 246 | _aintroductory text | ||
| 260 |
_aEnglewood Cliffs, N.J. _bFT Prentice-Hall _c1985 |
||
| 300 | _axviii, 488p. : ill | ||
| 350 | _a0.00 | ||
| 650 | _aORGANIZATIONAL BEHAVIOUR | ||
| 650 | 0 | _aMANAGEMENT | |
| 995 |
_D0.00 _FCBU-MAIN LIBRARY (Kitwe) _H1 _I9.95 _M3 _UDAMAGED _ZMain Library Open Access Collection |
||
| 995 |
_D0.00 _FCBU-MAIN LIBRARY (Kitwe) _H3 _I9.95 _M1 _UDAMAGED _ZMain Library Open Access Collection |
||
| 995 |
_D0.00 _FCBU-MAIN LIBRARY (Kitwe) _H2 _I9.95 _M2 _UAVAILABLE _ZMain Library Open Access Collection |
||
| 999 |
_c81672 _d81672 |
||